• 首页
  • 本馆介绍
  • 公告通知
  • 最新文献
  • 馆藏检索
  • 电子资源
  • 读者导购
  • 参考咨询
  • 我的图书馆
  • 登录
  • 详细信息显示
  • 放入我的书架
  • 预约/预借图书
  • 作者相关作品
  • 分类相关作品
  • 丛书相关作品
  • 出版社相关作品

书目信息

  • 表格格式
  • 工作单格式
  • 卡片格式
题名:
中国古代才女佳人
    
 
作者: 徐潜 主编 ;王德英 , 王荣珍 编著
分册:  
出版信息: 长春   吉林文史出版社  2018重印
页数: 204页
开本: 24cm
丛书名: 中华王朝的兴衰
单 册:
中图分类: K828.5=2
科图分类:
主题词: 女性--nv xing--名人--生平事迹--中国--古代
电子资源:
ISBN: 978-7-5472-1505-0
000 01021nam 2200289 45
001 012001011017
005 20140104171053.0
010    @a978-7-5472-1505-0@dCNY33.80
099    @aCAL 012014024347
100    @a20140305d2014 em y0chiy50 ea
101 0  @achi
102    @aCN@b220000
105    @aa z 000yd
106    @ar
200 1  @a中国古代才女佳人@Azhong guo gu dai cai nv jia ren@f徐潜主编@g王德英, 王荣珍编著
210    @a长春@c吉林文史出版社@d2018重印
215    @a204页@c图@d24cm
225 2  @a中华王朝的兴衰@Azhong hua wang chao de xing shuai
330    @a本书主要内容包括: 绝代佳人 —— 西施、多才风雅 —— 上官婉儿、婉转娥眉 —— 杨玉环、才貌双绝 —— 萧观音、千古留名 —— 王昭君。
410  0 @12001@a中华王朝的兴衰
606 0  @a女性@Anv xing@x名人@x生平事迹@y中国@z古代
690    @aK828.5=2@v5
701  0 @a徐潜@Axu qian@4主编
702  0 @a王德英@Awang de ying@4编著
702  0 @a王荣珍@Awang rong zhen@4编著
801  2 @aCN@b上海新华@c20191020
905    @b1137634-7@dK828.5=2@e109@f4
    
    中国古代才女佳人/徐潜主编/王德英, 王荣珍编著.-长春:吉林文史出版社,2018重印
    204页:图;24cm.-(中华王朝的兴衰)
    
    
    ISBN 978-7-5472-1505-0:CNY33.80
    本书主要内容包括: 绝代佳人 —— 西施、多才风雅 —— 上官婉儿、婉转娥眉 —— 杨玉环、才貌双绝 —— 萧观音、千古留名 —— 王昭君。
●
相关链接 在E读中查询图书 在五车中查询图书 在当当中查询图书 在豆瓣中查询图书


正题名:中国古代才女佳人     索取号:K828.5=2/109         预约/预借

序号 登录号 条形码 馆藏地/架位号 状态 备注
1 1137634   211376349   第二样本阅览室/ [索取号:K828.5=2/109] 在馆    
2 1137635   211376358   第二借阅区/ [索取号:K828.5=2/109] 在馆    
3 1137636   211376367   第二借阅区/ [索取号:K828.5=2/109] 在馆    
4 1137637   211376376   第二借阅区/ [索取号:K828.5=2/109] 在馆    
唐山师范学院图书馆 欢迎您!
大连网信软件有限公司© 版权所有